Զվարթնոց: / (Record no. 44312)
[ view plain ]
| 000 -LEADER | |
|---|---|
| fixed length control field | 00969nam a2200217Ia 4500 |
| 003 - CONTROL NUMBER IDENTIFIER | |
| control field | SEM |
| 005 - DATE AND TIME OF LATEST TRANSACTION | |
| control field | 20220608071033.0 |
| 008 - FIXED-LENGTH DATA ELEMENTS--GENERAL INFORMATION | |
| fixed length control field | 141116s9999 xx 000 0 arm d |
| 040 ## - CATALOGING SOURCE | |
| Original cataloging agency | SEM |
| Transcribing agency | SEM |
| 041 ## - LANGUAGE CODE | |
| Language code of text/sound track or separate title | arm. |
| 080 ## - UNIVERSAL DECIMAL CLASSIFICATION NUMBER | |
| Universal Decimal Classification number | 726.5(47.925)/Հ-42 |
| 100 10 - MAIN ENTRY--PERSONAL NAME | |
| Personal name | Հարությունյան Վ. |
| 245 10 - TITLE STATEMENT | |
| Title | Զվարթնոց: / |
| Statement of responsibility, etc. | Վ. Հարությունյան; Հայկական ՍՍՌ. Մինիստրների սովետին կից ճարտարապետական գործերի վարչություն; Խմբ.` Մ. Հայրիյան |
| 246 ## - VARYING FORM OF TITLE | |
| Title proper/short title | Звартноц. / |
| 260 ## - PUBLICATION, DISTRIBUTION, ETC. | |
| Place of publication, distribution, etc. | Երևան: |
| Name of publisher, distributor, etc. | Հայպետհրատ., |
| Date of publication, distribution, etc. | 1954. |
| 300 ## - PHYSICAL DESCRIPTION | |
| Extent | 27+[22] էջ; |
| Other physical details | նկ.; |
| Dimensions | 19 սմ |
| 650 ## - SUBJECT ADDED ENTRY--TOPICAL TERM | |
| Topical term or geographic name entry element | Հայ եկեղեցի |
| General subdivision | ճարտարապետություն |
| 700 ## - ADDED ENTRY--PERSONAL NAME | |
| Personal name | Եղիազարյան Հ. |
| Relationship | edt. |
| Relator term | խմբ. |
| 710 ## - ADDED ENTRY--CORPORATE NAME | |
| Corporate name or jurisdiction name as entry element | Հայկական ՍՍՌ. Մինիստրների սովետին կից ճարտարապետական գործերի վարչություն |
| 942 ## - ADDED ENTRY ELEMENTS (KOHA) | |
| Source of classification or shelving scheme | Universal Decimal Classification |
| Koha item type | Գրքեր/Books |
| Withdrawn status | Lost status | Source of classification or shelving scheme | Damaged status | Not for loan | Collection code | Home library | Current library | Date acquired | Cost, normal purchase price | Inventory number | Total Checkouts | Full call number | Barcode | Date last seen | Price effective from | Koha item type | Public note |
|---|---|---|---|---|---|---|---|---|---|---|---|---|---|---|---|---|---|
| Universal Decimal Classification | Գրապահոց | Մայր Աթոռ Սուրբ Էջմիածին «Վաչե և Թամար Մանուկյան» Մատենադարան | Մայր Աթոռ Սուրբ Էջմիածին «Վաչե և Թամար Մանուկյան» Մատենադարան | 16/11/2014 | 500.00 | 10550 | 726.5(47.925)/Հ-42 | 10550 | 16/11/2014 | 16/11/2014 | Գրքեր/Books | Սպասարկվում է ընթերցասրահ | |||||
| Universal Decimal Classification | Գրապահոց | Մայր Աթոռ Սուրբ Էջմիածին «Վաչե և Թամար Մանուկյան» Մատենադարան | Մայր Աթոռ Սուրբ Էջմիածին «Վաչե և Թամար Մանուկյան» Մատենադարան | 06/06/2019 | 500.00 | 27663 | 726.5(47.925)/Հ-42 | 27663 | 06/06/2019 | 06/06/2019 | Գրքեր/Books | Սպասարկվում է 30 օր |